| 000 | 00672nam a2200253Ia 4500 | ||
|---|---|---|---|
| 003 | OSt | ||
| 005 | 20220918163311.0 | ||
| 006 | a|||||r|||| 00| 0 | ||
| 007 | ta | ||
| 008 | 220917b |||||||| |||| 00| 0 eng d | ||
| 020 | _a0 521 36549 X | ||
| 024 | _a27,995 | ||
| 037 | _cTextual | ||
| 040 |
_aARTS _cARTS _beng |
||
| 041 |
_2eng _aeng |
||
| 082 | _aO111,2N06:g(NT), M9 | ||
| 100 |
_aKalb Jonathan _912562 |
||
| 245 | 0 | _aBeckett in performance | |
| 260 |
_aCambridge _bCUP USA _c1989 |
||
| 300 |
_aviii,277p. _ccm. |
||
| 650 | _aENGLISH LITERATURE | ||
| 942 |
_hO111,2N06:g(NT), M9 _cTEXL _2CC |
||
| 999 |
_c118995 _d118995 |
||